Normal view
MARC view
- Arreola, Adriana
Entry Nombre Personal
001 - NUMERO DE CONTROL
- campo de control: 47831
003 - IDENTIFICADOR DE NUMERO DE CONTROL
- campo de control: DLC
005 - FECHA Y HORA DE LA ÜLTIMA TRANSACCIÓN
- campo de control: 20230216122134.0
008 - DATOS DE LONGITUD FIJA
- campo de control de longitud fija: 180907n| azannaabn |n aaa c
010 ## - NÚMERO DE CONTROL DE LA BIBLIOTECA DEL CONGRESO
- Número de control LC: no2018120886
035 ## - NUMERO DE CONTROL
- Número de control: (OCoLC)oca11539567
040 ## - FUENTE DE CATALOGACIÓN
- Agencia original de catalogación: NcU
- Lenguaje de catalogación: spa
- Description conventions: rda
- Agencia de transcripción: NcU
- Agencia que lo modifica: MX-MxUPN
100 1# - ENCABEZAMIENTO - NOMBRE PERSONAL
- Nombre personal: Arreola, Adriana
372 ## - CAMPO DE ACTIVIDAD
- Field of activity: Feminismo
- Field of activity: Mujeres -- América Latina
377 ## - LENGUA ASOCIADA
- Language code: spa
378 ## - FORMA COMPLETA DE NOMBRE PERSONAL
- Fuller form of personal name: Arreola Paz
400 1# - VEÁSE - NOMBRE DE PERSONA
- Personal name: Arreola Paz, Adriana
670 ## - FUENTE EN LA QUE SE LOCALIZARON DATOS
- Cita de la fuente: Condiciones de la globalización, políticas neoliberales y dinámicas de género, 2017:
- Información localizada: portada (Adriana Arreola) página 275 (Adriana Arreola Paz; licenciada en relaciones internacionales y maestra en estudios latinoamericanos por la UNAM; investigadora en el Instituto Interdisciplinario de Estudios de Género de la Universidad de Buenos Aires; sus líneas de investigación son el movimiento por las mujeres en América Latina, mujeres indígenas zapatistas y feminismo)
902 ## - CATALOGADOR
- Catalogador: Víctor Ruiz/160223
